| 000 | 00621naa a2200217 i 4500 | ||
|---|---|---|---|
| 001 | 43602 | ||
| 003 | ES-MaBCM | ||
| 005 | 20241016104615.0 | ||
| 008 | 961024s1994 esp 000 0 spa d | ||
| 021 | _axx | ||
| 035 | _a(OCoLC)1365213751 | ||
| 040 | _cES-MaBCM | ||
| 041 | 0 | _aspa | |
| 043 | _aesp | ||
| 245 | 0 | 3 |
_aEl derecho administrativo en Francia _b: tendencias actuales |
| 520 | _aNº monográfico | ||
| 650 | 7 |
_aDerecho administrativo _958277 |
|
| 651 | 4 |
_aFrancia _9115364 |
|
| 773 | 0 |
_aEn: _tDocumentación administrativa _dMadrid : 1994 _gn. 239, jul.-sept., p. 1-213. - Loc. S.16 _w104389 |
|
| 942 | _cAREV | ||
| 999 |
_c43602 _d43602 |
||